000
00255nam a2200109Ia 4500
008
190913s9999||||xx |||||||||||||| ||und||
100
_a
Rossbach, Peter
245
0
_a
Professional C # 2
260
_a
USA
_b
Microsoft Press
_c
1998
300
_a
925
942
_c
BK
999
_c
8035
_d
8035